| 000 | 00601nam a2200181Ia 4500 | ||
|---|---|---|---|
| 003 | OSt | ||
| 005 | 20240217105827.0 | ||
| 008 | 210210b1930 xxu||||| |||| 00| 0 eng d | ||
| 040 | _cAL | ||
| 041 | _aKannada | ||
| 082 | _a852/231 | ||
| 100 |
_aGURU BASAVAPPA FAKIRAPPA ಗುರು ಬಸವಪ್ಪಾ ಫಕೀರಪ್ಪಾ _9151847 |
||
| 245 |
_aMailara Basavappanavara Shivanubhava Darpana _bಮೈಲಾರ ಬಸವಪ್ಪನವರ ಶಿವಾನುಭವ ದರ್ಪಣ |
||
| 260 |
_aMangaluru _b- _c1930 |
||
| 690 |
_aKannada Prose _9151848 |
||
| 906 | _a018799 | ||
| 942 |
_2ddc _cBK |
||
| 999 |
_c142353 _d142353 |
||